All DR Congo Premier League Players Ever - Statistics

General Stats
  • This quiz has been taken 17 times
  • The average score is 8 of 21
Answer Stats
# Year Team(s) Player % Correct
137 2021– Brentford Yoane Wissa
100%
119 2013–18 Crystal Palace, Everton Yannick Bolasie
75%
105 2016–22 West Ham Arthur Masuaku
69%
42 2015–16, 2017–18 Newcastle United Chancel Mbemba
56%
27 2023–24 Luton Town Pelly Ruddock Mpanzu
50%
50 2016–18, 2019–22, 2024–25 Manchester United, Aston Villa, Ipswich Town Axel Tuanzebe
44%
29 2018–19, 2020–21, 2022–23 Fulham Neeskens Kebano
44%
164 2008–09, 2010–16 West Bromwich Albion, Norwich City Youssouf Mulumbu
44%
41 2015–17 Norwich City, Hull City Dieumerci Mbokani
38%
17 2009–12 Chelsea, Fulham, Bolton Wanderers Gaël Kakuta
38%
63 2015–18 Bournemouth Benik Afobe
31%
39 2017–19 Huddersfield Town Elias Kachunga
31%
26 2015–17 Stoke City Giannelli Imbula
31%
7 2007–09, 2010–11 Newcastle United Kazenga LuaLua
31%
146 2000–07 Newcastle United, Porstmouth Lomana LuaLua
31%
8 2017–18 Everton Beni Baningime
19%
13 2021–22 Watford Edo Kayembe
19%
37 2018–19, 2020–21 West Ham, West Bromwich Albion Grady Diangana
19%
62 2008–11 West Ham Herita Ilunga
19%
23 1999–2000 Watford Michel Ngonge
13%
26 2006–07 Blackburn Rovers Shabani Nonda
13%
No matching quizzes found
Score Distribution
Percent of People with Each Score
Percentile by Number Answered
Your Score History
You have not taken this quiz